书目信息 |
| 题名: |
护肤美容养颜塑身1001问
|
|
| 作者: | ;健康生活1001编委会 编 | |
| 分册: | ||
| 出版信息: | 重庆 重庆出版社 2008.01 |
|
| 页数: | 255页 | |
| 开本: | 24cm | |
| 丛书名: | 健康生活1001 | |
| 单 册: | ||
| 中图分类: | TS974.1-44 , R161-44 | |
| 科图分类: | ||
| 主题词: | 女性--nu xing--皮肤--护理--问答 , 女性--nu xing--美容--问答 , 女性--nu xing--减肥--问答 | |
| 电子资源: | ||
| ISBN: | 978-7-5366-9186-5 | |
| 000 | 01066nam 2200289 450 | |
| 001 | 012008984671 | |
| 005 | 20090505085543.56 | |
| 010 | @a978-7-5366-9186-5@dCNY29.90 | |
| 100 | @a20090505d2008 em y0chi0120 ea | |
| 101 | 0 | @achi |
| 102 | @aCN@b500000 | |
| 105 | @aa z 000yy | |
| 106 | @ar | |
| 200 | 1 | @a护肤美容养颜塑身1001问@Ahu fu mei rong yang yan su shen 1001 wen@f《健康生活1001》编委会编@F《jian kang sheng huo 1001》bian wei hui bian |
| 210 | @a重庆@c重庆出版社@d2008.01 | |
| 215 | @a255页@c图@d24cm | |
| 225 | 2 | @a健康生活1001@Ajian kang sheng huo 1001 |
| 330 | @a本书内容包括:肌肤如何才算健康美丽?你是哪种肤质?不同肤质备有什么日常保养原则?肤质类型是一成不变的吗?等。 | |
| 410 | 0 | @12001 @a健康生活1001 |
| 606 | 0 | @a女性@Anu xing@x皮肤@x护理@j问答 |
| 606 | 0 | @a女性@Anu xing@x美容@j问答 |
| 606 | 0 | @a女性@Anu xing@x减肥@j问答 |
| 690 | @aTS974.1-44@v4 | |
| 690 | @aR161-44@v4 | |
| 711 | 02 | @a健康生活1001编委会@Ajian kang sheng huo 1001 bian wei hui@4编 |
| 801 | 0 | @aCN@bQSSK@c20090505 |
| 905 | @b740160-62@dTS974.1-44@eJ333@f3 | |
| 护肤美容养颜塑身1001问/《健康生活1001》编委会编.-重庆:重庆出版社,2008.01 |
| 255页:图;24cm.-(健康生活1001) |
| ISBN 978-7-5366-9186-5:CNY29.90 |
| 本书内容包括:肌肤如何才算健康美丽?你是哪种肤质?不同肤质备有什么日常保养原则?肤质类型是一成不变的吗?等。 |
| ● |
| 相关链接 |
|
|
|
正题名:护肤美容养颜塑身1001问
索取号:TS974.1-44/J333
 
预约/预借
| 序号 | 登录号 | 条形码 | 馆藏地/架位号 | 状态 | 备注 |
| 1 | 740160 | 207401603 | 自科二线504/504自科库 20排2列5层/ [索取号:TS974.1-44/J333] | 在馆 | |
| 2 | 740161 | 207401612 | 自科二线504/504自科库 20排2列5层/ [索取号:TS974.1-44/J333] | 在馆 | |
| 3 | 740162 | 207401621 | 自科库501/ [索取号:TS974.1-44/J333] | 在馆 |